Responses for Show #2546 - Monday, October 2, 1995

Gordon Wean game 2.

Contestants

[<< previous game]

Mark Belanger, a software publications manager from Austin, Texas

Jeanne Day, a teacher from Timonium, Maryland

Gordon Wean, a teacher from Cleveland Heights, Ohio (whose 1-day cash winnings total $19,600)

[next game >>]

Jeopardy! Round responses

SHAKESPEARE
TRANSPORTATION
AUSTRALIAN HISTORY
FRUITS
BLACK AMERICA
"LOVE" ON FILM
    $100 1
Romeo

Gordon
    $100 16
chariot

Mark
    $100 11
the Aborigines

Mark
    $100 26
Brazil

Gordon
    $100 21
Abraham Lincoln

Mark
    $100 6
The Love Bug

Jeanne
    $200 2
Hamlet

Gordon
    $200 17
a sled

Mark
    $200 12
(Gordon: What is World War II?

World War I

GordonMark
    $200 27
limes

Gordon
    $200 22
(Tom) Bradley

Gordon
    $200 7
Love Story

Gordon
    $300 3
The Merchant of Venice

Jeanne
    $300 18
(Gordon: What is Paris?)

London

GordonJeanne
    $300 13
the Sydney Opera House

Gordon
    $300 28
(Mark: What are peaches?)

apples

Mark
Triple Stumper
    $300 23
the United Negro College Fund

Gordon
    $300 8
Love Me Tender

Jeanne
    $400 4
Marc Antony

Gordon
    $400 19
a kite

Mark
    $400 14
Canberra

Gordon
    $400 29
tangerine

Mark
    $400 24
Scott Joplin

Gordon
    $400 9
The Loved One

Gordon
    $500 5
France

Gordon
    $500 20
a junk

Mark
    $500 15
Tasmania

Mark
    $500 30
figs

Mark
    $500 25
Barbara Jordan

Gordon
    $500 10
The Love Machine

Triple Stumper

Scores at the first commercial break (after clue 15):

Gordon Jeanne Mark
$2,300 $700 $800

Scores at the end of the Jeopardy! Round:

Gordon Jeanne Mark
$3,700 $1,000 $2,700

Double Jeopardy! Round responses

THE CIVIL WAR
BIOLOGY
WOMEN IN MYTHOLOGY
ASIA
MUSIC & LITERATURE
GERMAN WORDS & PHRASES
    $200 14
Fort Sumter

Mark
    $200 11
the umbilical cord

Gordon
    $200 6
Pandora

Mark
    $200 21
Hong Kong

Gordon
    $200 1
Longfellow

Jeanne
    $200 26
your father

Mark
    $400 15
the Congressional Medal of Honor

Gordon
    $400 12
udder

Mark
    $400 7
Juno

Gordon
    $400 22
(Gordon: What is China?)

Japan

GordonMark
    $400 2
Milton

Jeanne
    $400 27
the cue

Gordon
    $600 16
Bull Run (Manassas)

Gordon
    $600 13
fat

Gordon
    $600 8
Hestia

Triple Stumper
    $600 23
the Himalayas

Gordon
    $600 3
Byron

Gordon
    $600 28
a dictionary

Jeanne
    $800 17
General Hooker

Mark
    $800 19
the thorax

Gordon
    $800 9
Thisbe

Gordon
    $1,000 24
Thailand

Gordon
    $800 4
Liszt

Gordon
    $800 29
Do you take credit cards?

Gordon
    $1000 18
(Mark: Who is Andrew Johnson?)

Hannibal Hamlin

Mark
Triple Stumper
    $1,000 20
the zygote

Gordon
    $1000 10
nymphs

Mark
    $1000 25
(Gordon: What is Indonesia?)

Malaysia

Gordon
Triple Stumper
    $1000 5
Dostoyevsky

Triple Stumper
    $1000 30
bathing

Triple Stumper

Scores at the end of the Double Jeopardy! Round:

Gordon Jeanne Mark
$11,500 $2,200 $4,900
(lock game)

[wagering suggestions for these scores]

Final Jeopardy! Round responses

U.S. STATES
JeanneWhat are Maine & Oregon?
$2,100
MarkWhat are Maine Florida Washington
$400
GordonWhat are N. Dakota & Maine?
$1,000
(2 of) Florida, Washington, South Carolina & Rhode Island

Final scores:

Gordon Jeanne Mark
$10,500 $100 $5,300
2-day champion: $30,100 3rd place: Paris Art lithograph Drive-In by Daniel Authouart + Jeopardy! home game & Jeopardy! Sports edition for home computer or Super Nintendo 2nd place: Donjo Sea of Love sculpture & Nourison Persian rug + Jeopardy! home game & Jeopardy! Sports edition for home computer or Super Nintendo

Game dynamics:

Coryat scores:

Gordon Jeanne Mark
$11,300 $2,200 $4,900
29 R
(including 3 DDs),
4 W
7 R,
0 W
17 R,
2 W

Combined Coryat: $18,400

[game clues] [game scores] [suggest correction]

Game tape date: Unknown
The J! Archive is created by fans, for fans. Scraping, republication, monetization, and malicious use prohibited; this site may use cookies and collect identifying information. See terms. The Jeopardy! game show and all elements thereof, including but not limited to copyright and trademark thereto, are the property of Jeopardy Productions, Inc. and are protected under law. This website is not affiliated with, sponsored by, or operated by Jeopardy Productions, Inc. Join the discussion at JBoard.tv.